Fighting Type Pokemon - Statistics

General Stats
  • This quiz has been taken 1,637 times
    867 since last reset
  • The average score is 43 of 61
Answer Stats
Region Pokemon % Correct
Machamp
99%
Machoke
99%
Machop
98%
Hitmonchan
97%
Hitmonlee
97%
Hitmontop
94%
Kanto Mankey
94%
Primeape
94%
Blaziken
90%
Tyrogue
90%
Hoenn Combusken
87%
Hariyama
85%
Infernape
85%
Makuhita
84%
Medicham
84%
Meditite
84%
Lucario
83%
Sinnoh Monferno
83%
Sawk
83%
Emboar
82%
Poliwrath
82%
Riolu
82%
Throh
82%
Unova Pignite
80%
Conkeldurr
75%
Hawlucha
75%
Gurdurr
74%
Johto Heracross
74%
Timburr
74%
Cobalion
70%
Mienfoo
70%
Virizion
70%
Mienshao
69%
Terrakion
69%
Breloom
67%
Kalos Chesnaught
67%
Keldeo
67%
Pangoro
63%
Pancham
61%
Scrafty
61%
Scraggy
60%
Crabominable
59%
Alola Crabrawler
59%
Gallade
59%
Buzzwole
58%
Meloetta (Pirouette Form)
57%
Toxicroak
55%
Croagunk
54%
Marshadow
53%
Kommo-o
52%
Pheromosa
51%
Grapploct
50%
Hakamo-o
48%
Clobbopus
47%
Bewear
44%
Stufful
43%
Falinks
42%
Passimian
42%
Zamazenta
42%
Sirfetch'd
39%
Galar Farfetch'd (Galarian form)
32%
No matching quizzes found
Score Distribution
Percent of People with Each Score
Percentile by Number Answered
Your Score History
You have not taken this quiz since the last reset